[Event "I Trofeo Giorgio Porreca"]
[Site "Napoli ITA"]
[Date "2011.10.13"]
[Round "4"]
[White "Grasso, Nino"]
[Black "Solombrino, Giovanni"]
[Result "1-0"]
[WhiteElo "2003"]
[BlackElo "1850"]
[PlyCount "98"]
[EventDate "2011.09.22"]

1. e4 c5 2. d4 cxd4 3. c3 d3 4. Bxd3 Nc6 5. Nf3 g6 6. O-O Bg7 7. Re1 d6 8. h3
Nf6 9. c4 O-O 10. Nc3 b6 11. Bg5 Bb7 12. Qd2 Rc8 13. Rad1 Nb4 14. Bf1 Nc6 15.
Qe3 Nd7 16. Bh6 Qe8 17. Nd5 Nce5 18. Nxe5 Nxe5 19. Bxg7 Kxg7 20. Qd4 Kg8 21. f4
Nc6 22. Qe3 f6 23. b3 Qf7 24. Be2 e5 25. Rf1 Nd4 26. Bg4 Bxd5 27. Bxc8 Bxc4 28.
bxc4 Rxc8 29. fxe5 dxe5 30. Rc1 Kg7 31. Qf2 Qe6 32. Kh1 h5 33. Rc3 Rc6 34. Rfc1
Rc5 35. Ra3 Rc7 36. Ra6 Qc8 37. Ra3 Qe6 38. Qf1 Qd6 39. Ra6 Qc5 40. Qd3 Rd7 41.
Qa3 Qc7 42. c5 Qc6 43. Rxa7 Rxa7 44. Qxa7+ Kh6 45. Qxb6 Qxe4 46. Qxf6 Ne2 47.
Qf3 Qxf3 48. gxf3 Ng3+ 49. Kg2 Nf5 1-0

[Event "I Trofeo Giorgio Porreca"]
[Site "Napoli ITA"]
[Date "2011.10.13"]
[Round "4"]
[White "Di Gennaro, Antonio"]
[Black "De Rosa, Francesco"]
[Result "0-1"]
[WhiteElo "1674"]
[BlackElo "1968"]
[PlyCount "42"]
[EventDate "2011.09.22"]

1. e4 c5 2. Nf3 Nc6 3. d4 cxd4 4. Nxd4 Nf6 5. Nxc6 bxc6 6. e5 Qa5+ 7. Nc3 Qxe5+
8. Be2 d5 9. f4 Qc7 10. a3 g6 11. O-O Bg7 12. g4 h5 13. g5 Ng4 14. Kg2 Qb6 15.
Rf3 Bf5 16. h3 Bxc3 17. hxg4 hxg4 18. Rxc3 Rh2+ 19. Kxh2 Qf2+ 20. Kh1 Be4+ 21.
Bf3 Kd7 0-1

[Event "I Trofeo Giorgio Porreca"]
[Site "Napoli ITA"]
[Date "2011.10.13"]
[Round "4"]
[White "Somma, Erminio"]
[Black "Buiano, Fabio"]
[Result "0-1"]
[WhiteElo "1673"]
[BlackElo "2036"]
[PlyCount "78"]
[EventDate "2011.09.22"]

1. d4 d6 2. Nf3 Bg4 3. e4 e6 4. Be2 d5 5. e5 c5 6. c3 Nc6 7. h3 Bxf3 8. Bxf3
cxd4 9. cxd4 Qb6 10. Qa4 Qxd4 11. Qxd4 Nxd4 12. Bd1 Bb4+ 13. Bd2 Bxd2+ 14. Nxd2
Ne7 15. Nf3 Nxf3+ 16. Bxf3 Nc6 17. Rc1 Kd7 18. Bd1 a6 19. f4 Rac8 20. O-O Nd4
21. Bg4 g6 22. Rfd1 Nf5 23. Bxf5 gxf5 24. Rc3 Rxc3 25. bxc3 Rc8 26. Rd3 Rc4 27.
g3 Kc6 28. Kf2 Kc5 29. Ke3 Re4+ 30. Kf3 Kc4 31. Rd1 Kxc3 32. Rc1+ Kd2 33. Rc7
d4 34. Rxf7 d3 35. g4 Re3+ 36. Kf2 Re2+ 37. Kf3 Ke1 38. Rxb7 d2 39. Rb1+ d1=Q
0-1

[Event "I Trofeo Giorgio Porreca"]
[Site "Napoli ITA"]
[Date "2011.10.13"]
[Round "4"]
[White "Miccoli, Livio"]
[Black "Borrelli, Salvatore"]
[Result "0-1"]
[WhiteElo "1670"]
[BlackElo "1961"]
[PlyCount "38"]
[EventDate "2011.09.22"]

1. e4 c5 2. Nc3 e6 3. g3 d5 4. exd5 exd5 5. d4 Nf6 6. Bg2 cxd4 7. Qxd4 Nc6 8.
Qa4 Bc5 9. Bg5 Bxf2+ 10. Kf1 Be6 11. Nf3 Bb6 12. Ne5 Rc8 13. Rd1 Qe7 14. Nxd5
Bxd5 15. Bxd5 O-O 16. Nxc6 bxc6 17. Bf3 Qc5 18. Rd2 Qxg5 19. Qb4 Ba5 0-1

[Event "I Trofeo Giorgio Porreca"]
[Site "Napoli ITA"]
[Date "2011.10.13"]
[Round "4"]
[White "Sparice, Lorenzo"]
[Black "Sgammato, Francesco"]
[Result "0-1"]
[WhiteElo "1374"]
[BlackElo "1698"]
[PlyCount "58"]
[EventDate "2011.09.22"]

1. d4 e6 2. Nf3 Nf6 3. c4 d5 4. e3 Be7 5. Bd3 dxc4 6. Bxc4 O-O 7. O-O b6 8. b3
Bb7 9. Bd3 Nbd7 10. Re1 Rc8 11. Nbd2 c5 12. a3 h6 13. b4 cxd4 14. exd4 Nd5 15.
Ne4 N7f6 16. Nxf6+ Bxf6 17. Bb2 Nc3 18. Bxc3 Rxc3 19. Be4 Bxe4 20. Rxe4 Qd5 21.
Re3 Rfc8 22. Rxc3 Rxc3 23. Qd2 Qc4 24. Ne5 Qb3 25. f4 Rc2 26. Qe1 Qb2 27. Nd3
Qxd4+ 28. Nf2 Qxa1 29. Nd1 Rc1 0-1

[Event "I Trofeo Giorgio Porreca"]
[Site "Napoli ITA"]
[Date "2011.10.13"]
[Round "4"]
[White "Somma, Andrea"]
[Black "Capozzoli, Silvio"]
[Result "1-0"]
[WhiteElo "1781"]
[BlackElo "1904"]
[PlyCount "41"]
[EventDate "2011.09.22"]

1. e4 d5 2. exd5 Qxd5 3. Nc3 Qd6 4. d4 Nf6 5. Nf3 Bg4 6. Nb5 Qb6 7. c4 a6 8.
Nc3 Nc6 9. d5 O-O-O 10. Na4 Qa7 11. Be3 Qb8 12. Qb3 Bxf3 13. gxf3 Na5 14. Qc3
b6 15. b4 Nb7 16. Bh3+ Nd7 17. c5 a5 18. c6 e6 19. cxd7+ Rxd7 20. Nxb6+ Kd8 21.
Nxd7 1-0

[Event "I Trofeo Giorgio Porreca"]
[Site "Napoli ITA"]
[Date "2011.10.20"]
[Round "5"]
[White "Seletsky, Grigory"]
[Black "Gallo, Thomas Renato"]
[Result "1-0"]
[WhiteElo "2280"]
[BlackElo "1887"]
[PlyCount "63"]
[EventDate "2011.09.22"]

1. e4 e6 2. d4 d5 3. Nc3 dxe4 4. Nxe4 Bd7 5. Nf3 Bc6 6. Bd3 Nd7 7. O-O Ngf6 8.
Ng3 Be7 9. Qe2 Bxf3 10. Qxf3 c6 11. Rd1 O-O 12. c3 Qa5 13. a4 a6 14. Qe2 Rfd8
15. b4 Qc7 16. a5 h6 17. Bd2 e5 18. Bc4 Nd5 19. Nf5 Bf8 20. Qg4 Kh8 21. Qh4 Kg8
22. Qg3 Kh8 23. Qh4 Kg8 24. Bxh6 gxh6 25. Rd3 Nf4 26. Rg3+ Kh7 27. Bxf7 Ne2+
28. Kh1 Nf6 29. Qxf6 Nxg3+ 30. fxg3 Rd6 31. Nxd6 Qxd6 32. Bg6+ 1-0

[Event "I Trofeo Giorgio Porreca"]
[Site "Napoli ITA"]
[Date "2011.10.20"]
[Round "5"]
[White "Messina, Enrico"]
[Black "Ceglio, Fulvio"]
[Result "1-0"]
[WhiteElo "2125"]
[BlackElo "2040"]
[PlyCount "57"]
[EventDate "2011.09.22"]

1. e4 e6 2. Nf3 d5 3. e5 c5 4. b4 cxb4 5. a3 Bd7 6. axb4 Bxb4 7. c3 Be7 8. d4
Nh6 9. Bd3 Nf5 10. g4 Nh4 11. Nxh4 Bxh4 12. O-O g6 13. f4 Be7 14. f5 Bg5 15.
fxg6 hxg6 16. Qf3 O-O 17. Ba3 Be7 18. Ra2 Nc6 19. Raf2 Qe8 20. Bc1 Bh4 21. Rg2
Be7 22. Bh6 a5 23. Qh3 a4 24. g5 a3 25. Bg7 Kxg7 26. Qh6+ Kg8 27. Rg3 Bxg5 28.
Rxg5 Ne7 29. Rh5 1-0

[Event "I Trofeo Giorgio Porreca"]
[Site "Napoli ITA"]
[Date "2011.10.20"]
[Round "5"]
[White "Avolio, Giovanni"]
[Black "Ambrosio, Giuseppe"]
[Result "0-1"]
[WhiteElo "1879"]
[BlackElo "2059"]
[PlyCount "86"]
[EventDate "2011.09.22"]

1. c4 Nf6 2. Nc3 c5 3. g3 Nc6 4. Bg2 e5 5. d3 h6 6. Nf3 Be7 7. O-O O-O 8. Bd2
d5 9. cxd5 Nxd5 10. Nxe5 Nxc3 11. Nxc6 Nxe2+ 12. Qxe2 bxc6 13. Rfe1 Bf6 14.
Bxc6 Rb8 15. Bc3 Ba6 16. Rad1 Qd6 17. Qf3 Rfd8 18. Bxf6 Qxf6 19. Qxf6 gxf6 20.
b3 Bxd3 21. Re7 a6 22. Rde1 Bf5 23. Kg2 Rd2 24. R1e2 Rbd8 25. Re8+ Kg7 26. Rxd8
Rxe2 27. a4 Be6 28. Ra8 Bxb3 29. Rxa6 Re6 30. Bb5 Rxa6 31. Bxa6 Bxa4 32. Kf3 f5
33. Bc4 Kf6 34. Kf4 Bd7 35. f3 Be6 36. Bd3 Bd5 37. Bxf5 Bxf3 38. Bc2 Bd5 39. g4
Ba2 40. h4 c4 41. g5+ hxg5+ 42. hxg5+ Kg7 43. Ke5 Bb3 0-1

[Event "I Trofeo Giorgio Porreca"]
[Site "Napoli ITA"]
[Date "2011.10.20"]
[Round "5"]
[White "Schiappoli, Dario"]
[Black "Grasso, Nino"]
[Result "0-1"]
[WhiteElo "1929"]
[BlackElo "2003"]
[PlyCount "76"]
[EventDate "2011.09.22"]

1. e4 e5 2. d4 exd4 3. c3 d5 4. exd5 Qxd5 5. cxd4 Nc6 6. Nf3 Bg4 7. Be2 O-O-O
8. Nc3 Qf5 9. Be3 Nf6 10. O-O Bd6 11. Rc1 Kb8 12. Nb5 Bxf3 13. Nxd6 Bxe2 14.
Nxf5 Bxd1 15. Rfxd1 Rd5 16. Nh4 Rhd8 17. Nf3 Ng4 18. h3 Nge5 19. Nxe5 Nxe5 20.
Kf1 c5 21. Ke2 cxd4 22. Bf4 f6 23. g4 b5 24. b3 Kb7 25. g5 d3+ 26. Ke3 Nc6 27.
gxf6 Re8+ 28. Kf3 gxf6 29. Be3 Ne5+ 30. Kg2 Rg8+ 31. Kf1 Nf3 32. Rxd3 Rxd3 33.
Ke2 Ne5 34. Rc5 Rxe3+ 35. Kxe3 Kb6 36. Rd5 Kc6 37. Ke4 f5+ 38. Kxe5 Re8+ 0-1

[Event "I Trofeo Giorgio Porreca"]
[Site "Napoli ITA"]
[Date "2011.10.20"]
[Round "5"]
[White "De Rosa, Francesco"]
[Black "Accardo, Francesco"]
[Result "0-1"]
[WhiteElo "1968"]
[BlackElo "1855"]
[PlyCount "106"]
[EventDate "2011.09.22"]

1. d4 b5 2. Nf3 a5 3. g3 Bb7 4. Bg2 e6 5. O-O Be7 6. b3 Na6 7. Na3 c6 8. Ne5
Nf6 9. Nxb5 Nd5 10. Na3 d6 11. Nec4 f5 12. e4 fxe4 13. Bxe4 O-O 14. Ne3 Nf6 15.
Bg2 Nb4 16. c4 d5 17. Ng4 Ne4 18. Ne5 Nd6 19. Nc2 Na6 20. Qe2 Nc7 21. Bd2 Nf5
22. Rad1 a4 23. Bb4 axb3 24. axb3 Ra2 25. Bxe7 Qxe7 26. Rd2 Rb2 27. Qd3 Ra8 28.
Bh3 g6 29. Re1 Raa2 30. Bxf5 exf5 31. Nf3 Qf6 32. Re5 Bc8 33. Rde2 f4 34. Nh4
fxg3 35. hxg3 Bh3 36. Kh2 Bf1 37. Ng2 Qxf2 38. Rxf2 Bxd3 39. Re7 Rxc2 40. Rxc2
Rxc2 41. Rxc7 Be4 42. Rxc6 Rxg2+ 43. Kh3 Rc2 44. Rc8+ Kg7 45. Rc7+ Kh6 46. Re7
Bf5+ 47. g4 Rc3+ 48. Kh2 Bxg4 49. cxd5 Rxb3 50. d6 Rd3 51. d7 Rxd4 52. Re4 Rd2+
53. Kg3 Bxd7 0-1

[Event "I Trofeo Giorgio Porreca"]
[Site "Napoli ITA"]
[Date "2011.10.20"]
[Round "5"]
[White "Borrelli, Salvatore"]
[Black "Zinnai, Graziano Matteo"]
[Result "0-1"]
[WhiteElo "1961"]
[BlackElo "1907"]
[PlyCount "96"]
[EventDate "2011.09.22"]

1. d4 e6 2. Nf3 d5 3. Bf4 c5 4. c3 Nc6 5. e3 Nf6 6. Nbd2 Bd6 7. Ne5 Qc7 8. Bb5
O-O 9. Ndf3 Nd7 10. Nxd7 Bxd7 11. Bg3 c4 12. Bxd6 Qxd6 13. Bxc6 Bxc6 14. O-O f6
15. Nh4 Bd7 16. f4 e5 17. Qh5 exd4 18. exd4 Rae8 19. Rae1 Re4 20. Rxe4 dxe4 21.
Nf5 Bxf5 22. Qxf5 e3 23. Qe4 Qa6 24. Qxe3 Qxa2 25. Qe6+ Kh8 26. Qe7 Rg8 27.
Qxb7 Qa4 28. Re1 Re8 29. Rxe8+ Qxe8 30. Kf2 h6 31. Qf3 Qb8 32. Qe2 Qxf4+ 33.
Kg1 Qc1+ 34. Kf2 Qf4+ 35. Kg1 Qc7 36. Qe8+ Kh7 37. Qe4+ g6 38. Kf2 Kg7 39. Qe3
Qb7 40. Qe2 h5 41. g3 Qh1 42. Qe7+ Kh6 43. Qf8+ Kg5 44. Qc5+ Kg4 45. Qd6 Qxh2+
46. Ke3 Qg1+ 47. Ke4 Qh1+ 48. Ke3 Qe1# 0-1

[Event "I Trofeo Giorgio Porreca"]
[Site "Napoli ITA"]
[Date "2011.10.20"]
[Round "5"]
[White "Sgammato, Francesco"]
[Black "Caiazzo, Diego"]
[Result "0-1"]
[WhiteElo "1698"]
[BlackElo "1856"]
[PlyCount "166"]
[EventDate "2011.09.22"]

1. c4 e6 2. Nc3 d5 3. cxd5 exd5 4. d4 Nf6 5. Nf3 Be7 6. g3 O-O 7. Bg2 c6 8. O-O
Nbd7 9. Qc2 Re8 10. Bg5 h6 11. Bf4 Nf8 12. Rfe1 Ng6 13. Bc1 Bd6 14. b3 Be6 15.
Bb2 Qd7 16. e4 Nxe4 17. Nxe4 dxe4 18. Rxe4 Bd5 19. Rxe8+ Rxe8 20. Qd2 Re7 21.
Re1 Qe8 22. Rxe7 Qxe7 23. Kf1 Kf8 24. Qe2 Qe4 25. Qxe4 Bxe4 26. Bh1 Bd3+ 27.
Ke1 Bb4+ 28. Kd1 f6 29. Nd2 Ne7 30. a3 Ba5 31. Nc4 Bc7 32. Kd2 Bf5 33. Ne3 Be6
34. b4 Ke8 35. Bf3 Kd7 36. h4 Kd6 37. Kd3 Nd5 38. Nc4+ Ke7 39. Nd2 a5 40. Bxd5
Bxd5 41. bxa5 Bxa5 42. Bc3 Bc7 43. Bb4+ Ke6 44. Nc4 b5 45. Ne3 Bf3 46. Bf8 Kf7
47. Bc5 g6 48. Nc2 Ke6 49. Ke3 Bd5 50. Nb4 h5 51. Nd3 g5 52. Bb4 Kf5 53. Be7
gxh4 54. gxh4 Ke6 55. Bb4 Kf5 56. f3 Bg3 57. Nf2 Bxh4 58. Nh3 Bg5+ 59. Kf2 h4
60. Bc5 Be6 61. Kg2 Be3 62. Bb6 Bc4 63. Bc5 Ke6 64. Nf2 Kd5 65. Ng4 Bg5 66. Bb6
f5 67. Nf2 Be3 68. Nh3 Bd3 69. Nf2 Be2 70. Nh3 Kc4 71. d5 Bxb6 72. d6 Bd8 73.
Nf4 Bd1 74. Ne6 Bf6 75. d7 h3+ 76. Kg3 h2 77. Kxh2 Bxf3 78. Kg3 Be4 79. Kf4 Kb3
80. Ke3 Kxa3 81. Nd4 Bxd4+ 82. Kxd4 b4 83. d8=Q 83... Kb2 $138 0-1

[Event "I Trofeo Giorgio Porreca"]
[Site "Napoli ITA"]
[Date "2011.10.20"]
[Round "5"]
[White "Solombrino, Giovanni"]
[Black "Sparice, Lorenzo"]
[Result "1-0"]
[WhiteElo "1850"]
[BlackElo "1374"]
[PlyCount "61"]
[EventDate "2011.09.22"]

1. e4 c5 2. Nf3 e6 3. d4 cxd4 4. Nxd4 b6 5. Nc3 d6 6. Be3 Bb7 7. Bb5+ Nd7 8.
Qd2 a6 9. Bxd7+ Qxd7 10. f4 Nf6 11. Qd3 d5 12. e5 Ne4 13. Nxe4 dxe4 14. Qb3 Bc5
15. Rd1 Bd5 16. c4 Bc6 17. Nb5 Qe7 18. Bxc5 bxc5 19. Nd6+ Kf8 20. Qb6 Ba4 21.
b3 Be8 22. Qxc5 Rd8 23. O-O f5 24. exf6 gxf6 25. Nxe4 Qxc5+ 26. Nxc5 Ke7 27.
Rxd8 Kxd8 28. Nxe6+ Ke7 29. Re1 Bc6 30. Nd4+ Kd6 31. Re6+ 1-0

[Event "I Trofeo Giorgio Porreca"]
[Site "Napoli ITA"]
[Date "2011.10.20"]
[Round "5"]
[White "Sciaudone, Francesco"]
[Black "Somma, Andrea"]
[Result "1-0"]
[WhiteElo "1825"]
[BlackElo "1781"]
[PlyCount "77"]
[EventDate "2011.09.22"]

1. e4 d5 2. exd5 Qxd5 3. Nc3 Qa5 4. d4 Nf6 5. Nf3 c6 6. Bd2 Bf5 7. Be2 e6 8.
O-O Qc7 9. Re1 Bd6 10. Bg5 h6 11. Bxf6 gxf6 12. h3 Rg8 13. Kh1 Nd7 14. Nh4 Bh7
15. Bh5 Bg3 16. Qe2 Bxh4 17. Qxe6+ Kd8 18. Bxf7 Qf4 19. Bxg8 Bf5 20. Qe7+ Kc7
21. d5 Rxg8 22. Rad1 Qd6 23. dxc6 Qxc6 24. Nd5+ Kb8 25. Qe8+ Rxe8 26. Rxe8+ Qc8
27. Rxc8+ Kxc8 28. Ne7+ Kc7 29. Nxf5 Bxf2 30. Ne7 Nc5 31. Nd5+ Kd6 32. Nxf6+
Ke6 33. Ng4 Ne4 34. Nxh6 Kf6 35. Ng4+ Kg5 36. Rd5+ Kf4 37. Nxf2 Nxf2+ 38. Kg1
Ne4 39. Rd4 1-0

[Event "I Trofeo Giorgio Porreca"]
[Site "Napoli ITA"]
[Date "2011.10.20"]
[Round "5"]
[White "Cosenza, Gianni"]
[Black "Somma, Erminio"]
[Result "1-0"]
[WhiteElo "1952"]
[BlackElo "1673"]
[PlyCount "117"]
[EventDate "2011.09.22"]

1. e4 d5 2. exd5 Qxd5 3. d4 Nf6 4. Nc3 Qa5 5. Bc4 Bf5 6. Nge2 e6 7. O-O c6 8.
Bb3 Bd6 9. Ng3 Bg6 10. Qf3 O-O 11. Bf4 Qc7 12. Bxd6 Qxd6 13. Rad1 Nbd7 14. Nce4
Qe7 15. Rfe1 Rfe8 16. Qf4 Nd5 17. Qf3 N7f6 18. Nc5 b6 19. Nd3 Nd7 20. c4 Nb4
21. Nxb4 Qxb4 22. Qxc6 Nf6 23. Qf3 a5 24. a3 Qd6 25. h4 h6 26. h5 Bh7 27. Ba4
Red8 28. d5 e5 29. Nf5 Bxf5 30. Qxf5 e4 31. Re3 Ra7 32. Rde1 Qc5 33. Bb5 Qd4
34. b3 Re7 35. g4 Re5 36. Qf4 Qb2 37. Rg3 Qd4 38. Kg2 Rd6 39. Qe3 Qxe3 40.
Rexe3 Rg5 41. Kh3 g6 42. hxg6 fxg6 43. b4 axb4 44. axb4 Kg7 45. Bc6 Rd8 46. Ra3
Rh8 47. Ra7+ Kf8 48. Ra8+ Kg7 49. Rxh8 Kxh8 50. d6 h5 51. gxh5 Rxh5+ 52. Kg2
Rh7 53. Rxg6 Nd7 54. Bxe4 Ne5 55. Rg3 Rd7 56. c5 bxc5 57. bxc5 Rf7 58. c6 Nxc6
59. Bxc6 1-0

[Event "I Trofeo Giorgio Porreca"]
[Site "Napoli ITA"]
[Date "2011.10.20"]
[Round "5"]
[White "Esposito, Pino"]
[Black "De Meo, Guido"]
[Result "0-1"]
[WhiteElo "1842"]
[BlackElo "1823"]
[PlyCount "88"]
[EventDate "2011.09.22"]

1. e4 c5 2. Nf3 d6 3. d4 cxd4 4. Nxd4 Nf6 5. Nc3 a6 6. Be2 e5 7. Nb3 Be7 8. Bg5
Nbd7 9. O-O h6 10. Be3 O-O 11. a4 Qc7 12. a5 b5 13. axb6 Nxb6 14. Na5 Be6 15.
Qd3 Rfd8 16. Bxb6 Qxb6 17. Nd5 Bxd5 18. exd5 Bf8 19. Nc6 Re8 20. b4 e4 21. Qb3
e3 22. f3 g5 23. Ra3 Bg7 24. Rd1 g4 25. c4 gxf3 26. gxf3 Nh5 27. Qc2 Nf4 28. c5
dxc5 29. bxc5 Nxe2+ 30. Qxe2 Qxc5 31. Rb3 a5 32. Rb5 Qa3 33. Rd3 Qc1+ 34. Kg2
a4 35. Nb4 Qc4 36. Rb7 Qc5 37. Kf1 a3 38. d6 Rad8 39. d7 Re7 40. Rxa3 Qc1+ 41.
Qe1 Qxa3 42. Nc6 Qd3+ 43. Qe2 Qxe2+ 44. Kxe2 Rexd7 0-1

[Event "I Trofeo Giorgio Porreca"]
[Site "Napoli ITA"]
[Date "2011.11.03"]
[Round "6"]
[White "Seletsky, Grigory"]
[Black "Rosato, Luciano"]
[Result "1-0"]
[WhiteElo "2280"]
[BlackElo "2251"]
[PlyCount "65"]
[EventDate "2011.09.22"]

1. e4 d6 2. d4 g6 3. Nc3 Bg7 4. Be3 a6 5. h4 Nf6 6. f3 b5 7. Qd2 h5 8. O-O-O c6
9. Kb1 Qa5 10. Nh3 Bxh3 11. gxh3 Nbd7 12. Qg2 b4 13. Ne2 e6 14. Nc1 d5 15. Bd3
e5 16. f4 exf4 17. Bxf4 O-O 18. e5 Ne8 19. Rhg1 Ra7 20. e6 fxe6 21. Rdf1 e5 22.
dxe5 Rxf4 23. Rxf4 Nxe5 24. Bxg6 Nd6 25. Bf7+ Rxf7 26. Rxf7 Kxf7 27. Qxg7+ Ke6
28. Nd3 Ndc4 29. Nxe5 Nxe5 30. Re1 d4 31. Qg6+ Ke7 32. Qf5 Kd6 33. Qf6+ 1-0

[Event "I Trofeo Giorgio Porreca"]
[Site "Napoli ITA"]
[Date "2011.11.04"]
[Round "6"]
[White "Ambrosio, Giuseppe"]
[Black "Zinnai, Graziano Matteo"]
[Result "1-0"]
[WhiteElo "2059"]
[BlackElo "1907"]
[PlyCount "123"]
[EventDate "2011.09.22"]

1. d4 c6 2. c4 d5 3. Nc3 Nf6 4. Nf3 e6 5. e3 Nbd7 6. Bd3 dxc4 7. Bxc4 b5 8. Bd3
a6 9. O-O c5 10. b3 Bb7 11. Bb2 Be7 12. Rc1 O-O 13. Qe2 Rc8 14. Rfd1 Qb6 15. e4
cxd4 16. Nxd4 Nc5 17. Bb1 b4 18. Na4 Nxa4 19. bxa4 Rxc1 20. Rxc1 Rd8 21. Nb3
Bc6 22. e5 Nd5 23. Qc2 g6 24. Qxc6 Qxc6 25. Rxc6 Nc3 26. Bc2 Nxa4 27. Bd4 Rd5
28. f4 a5 29. Rc7 Bf8 30. Be4 Rd8 31. Kf2 Nc3 32. Bxc3 bxc3 33. Rxc3 a4 34. Nc1
a3 35. Nb3 h5 36. Ke2 Kg7 37. h3 Bb4 38. Rc4 Be7 39. Nd4 Bf8 40. Nb5 Rb8 41.
Nd6 f6 42. Rc7+ Kh6 43. Nf7+ Kg7 44. exf6+ Kxf6 45. Ng5 Rb2+ 46. Rc2 Rb4 47.
Kd3 Bd6 48. g3 e5 49. Rc6 Ke7 50. f5 gxf5 51. Bxf5 Rb2 52. Rc2 Rb5 53. Ne4 Rd5+
54. Ke3 Bb8 55. g4 Ba7+ 56. Ke2 Bd4 57. g5 Rd8 58. Rc7+ Kf8 59. g6 Rb8 60. Nf6
Rb2+ 61. Kd3 e4+ 62. Kxd4 1-0

[Event "I Trofeo Giorgio Porreca"]
[Site "Napoli ITA"]
[Date "2011.11.03"]
[Round "6"]
[White "Ceglio, Fulvio"]
[Black "De Meo, Guido"]
[Result "1-0"]
[WhiteElo "2040"]
[BlackElo "1823"]
[PlyCount "81"]
[EventDate "2011.09.22"]

1. d4 d6 2. c4 Nf6 3. Nc3 g6 4. e4 Bg7 5. Nge2 O-O 6. Ng3 Bg4 7. Qb3 Qc8 8. Be3
Nc6 9. f3 Bd7 10. Be2 e5 11. d5 Ne7 12. c5 Ne8 13. Bb5 Bxb5 14. Nxb5 a6 15.
cxd6 cxd6 16. Rc1 Qd7 17. Na3 b5 18. O-O h5 19. Ne2 Rb8 20. Nc4 Qd8 21. Nd2 Kh7
22. Rc2 f5 23. Rfc1 f4 24. Bf2 g5 25. a4 Qa5 26. Nc3 Nc7 27. Ra1 bxa4 28. Qxa4
Qxa4 29. Rxa4 Rfc8 30. Nc4 Nb5 31. Kf1 Nd4 32. Rd2 Nb3 33. Rd1 Nc5 34. Bxc5
Rxc5 35. Rda1 Nc8 36. R1a2 Bf8 37. Ke2 Be7 38. Kd3 Bd8 39. Rxa6 Bc7 40. Ra8
Rxa8 41. Rxa8 $139 1-0

[Event "I Trofeo Giorgio Porreca"]
[Site "Napoli ITA"]
[Date "2011.11.03"]
[Round "6"]
[White "Gallo, Thomas Renato"]
[Black "Condorelli, Pietro"]
[Result "1-0"]
[WhiteElo "1887"]
[BlackElo "1785"]
[PlyCount "112"]
[EventDate "2011.09.22"]

1. d4 Nf6 2. Bf4 e6 3. Nf3 d5 4. e3 Bd6 5. Bg3 Bxg3 6. hxg3 Qd6 7. c3 a6 8. Ne5
Nbd7 9. Qa4 c6 10. Nxd7 Bxd7 11. Nd2 Rc8 12. Nf3 c5 13. Qc2 cxd4 14. exd4 Rc7
15. Bd3 g6 16. Ne5 Nh5 17. Qe2 f5 18. Rxh5 O-O 19. Rh4 b5 20. a3 Be8 21. Qd2
Qe7 22. Ke2 Qf6 23. Rah1 h5 24. Qe3 g5 25. R4h2 Rh7 26. Kd2 Rh6 27. Be2 g4 28.
f3 f4 29. gxf4 g3 30. Rh3 Rh7 31. Rxg3+ Kh8 32. Bd3 Rg7 33. Rxg7 Qxg7 34. g4
Qh6 35. g5 Qg7 36. Ng4 a5 37. Qxe6 b4 38. Nf6 bxc3+ 39. bxc3 Bf7 40. Qd6 Bg6
41. Bxg6 Qxg6 42. Rxh5+ Kg7 43. Rh7+ Qxh7 44. Nxh7 Kxh7 45. f5 a4 46. Qxd5 Rb8
47. g6+ Kh6 48. f4 Rb3 49. Qc5 Rb2+ 50. Kd3 Rg2 51. Qf8+ Kh5 52. Qh8+ Kg4 53.
g7 Kxf4 54. g8=Q Rg3+ 55. Kc4 Ke3 56. Qe6+ Kf2 1-0

[Event "I Trofeo Giorgio Porreca"]
[Site "Napoli ITA"]
[Date "2011.11.03"]
[Round "6"]
[White "Caiazzo, Diego"]
[Black "Avolio, Giovanni"]
[Result "1/2-1/2"]
[WhiteElo "1856"]
[BlackElo "1879"]
[PlyCount "74"]
[EventDate "2011.09.22"]

1. Nf3 d6 2. b3 Nf6 3. Bb2 e5 4. g3 Bd7 5. Bg2 Be7 6. O-O c6 7. c4 O-O 8. Nc3
Qc8 9. d4 e4 10. Nd2 d5 11. cxd5 cxd5 12. Rc1 Nc6 13. a3 Bh3 14. Na4 Bxg2 15.
Kxg2 Qg4 16. e3 Qxd1 17. Rfxd1 Rac8 18. Rc2 Rc7 19. Rdc1 Rfc8 20. b4 Bd6 21. b5
Ne7 22. Rxc7 Rxc7 23. Rxc7 Bxc7 24. Nc5 b6 25. Na6 Bd6 26. f3 Kf8 27. Kf2 Ke8
28. fxe4 Nxe4+ 29. Ke2 Nxd2 30. Kxd2 f5 31. Ke2 g5 32. a4 Kd7 33. Bc3 f4 34.
Bb4 Bxb4 35. Nxb4 Kd6 36. Nd3 Ng6 37. Nb4 Ne7 1/2-1/2

[Event "I Trofeo Giorgio Porreca"]
[Site "Napoli ITA"]
[Date "2011.11.03"]
[Round "6"]
[White "Donadio, Andrea"]
[Black "D'Errico, Francesco"]
[Result "1-0"]
[WhiteElo "1872"]
[BlackElo "1788"]
[PlyCount "77"]
[EventDate "2011.09.22"]

1. Nf3 d5 2. g3 Nf6 3. Bg2 c6 4. O-O Bf5 5. d3 e6 6. Nbd2 h6 7. Re1 Be7 8. e4
Bh7 9. h4 O-O 10. e5 Nfd7 11. Nf1 c5 12. N1h2 Nc6 13. Bf4 Rc8 14. Qd2 Re8 15.
Ng4 Bf8 16. c3 b5 17. Ngh2 c4 18. d4 a6 19. g4 b4 20. h5 Rb8 21. g5 bxc3 22.
bxc3 hxg5 23. Nxg5 Qb6 24. Nxh7 Kxh7 25. h6 g6 26. Nf3 Be7 27. Bg5 Qb2 28. Qf4
Rf8 29. Bxe7 Nxe7 30. Ng5+ Kg8 31. h7+ Kg7 32. h8=Q+ Rxh8 33. Qxf7+ Kh6 34.
Qxe7 Rhf8 35. Nf7+ Kg7 36. Nd8+ Kh8 37. Qh4+ Kg8 38. Nxe6 Rf7 39. Bxd5 1-0

[Event "I Trofeo Giorgio Porreca"]
[Site "Napoli ITA"]
[Date "2011.11.03"]
[Round "6"]
[White "De Rosa, Mariagrazia"]
[Black "Schiappoli, Dario"]
[Result "1-0"]
[WhiteElo "2131"]
[BlackElo "1929"]
[PlyCount "55"]
[EventDate "2011.09.22"]

1. e4 c5 2. Nf3 d6 3. d4 cxd4 4. Nxd4 Nf6 5. Nc3 a6 6. f4 Qc7 7. a4 Nbd7 8. Be2
e5 9. Nf5 Nc5 10. Ne3 Nfxe4 11. Nxe4 Nxe4 12. Nd5 Qd8 13. Be3 exf4 14. Bb6 Qh4+
15. Kf1 Be6 16. Nc7+ Kd7 17. Nxa8 g5 18. Bf3 Nf6 19. Bf2 Qh6 20. Qd4 Be7 21.
Qa7 Bc4+ 22. Kg1 g4 23. Qxb7+ Ke6 24. Re1+ Kf5 25. Be4+ Kg5 26. Nb6 Be6 27.
Qxe7 Re8 28. Qxd6 1-0

[Event "I Trofeo Giorgio Porreca"]
[Site "Napoli ITA"]
[Date "2011.11.03"]
[Round "6"]
[White "Solombrino, Giovanni"]
[Black "De Rosa, Francesco"]
[Result "0-1"]
[WhiteElo "1850"]
[BlackElo "1968"]
[PlyCount "77"]
[EventDate "2011.09.22"]

1. e4 c5 2. Nf3 Nc6 3. d4 cxd4 4. Nxd4 Nf6 5. Nc3 e5 6. Ndb5 d6 7. Bg5 a6 8.
Na3 b5 9. Bxf6 gxf6 10. Nd5 f5 11. Bd3 Be6 12. c3 Bg7 13. Nc2 Bxd5 14. exd5 Ne7
15. Qh5 e4 16. Be2 Qd7 17. O-O-O Ng6 18. g3 Rc8 19. Ne3 Ne7 20. Kb1 Rc5 21. f3
Qc8 22. fxe4 fxe4 23. Rhf1 O-O 24. Bg4 Qe8 25. Nf5 Nxf5 26. Bxf5 h6 27. Rf4 Rc4
28. Re1 e3 29. Rxc4 bxc4 30. Qf3 Qb5 31. Rxe3 Rb8 32. Qe2 Qxd5 33. Qf3 Qd2 34.
Bc2 Qxh2 35. Qe4 Qg1+ 36. Re1 Qf2 37. Qe3 Qf6 38. Rc1 Kf8 39. Qd2 0-1

[Event "I Trofeo Giorgio Porreca"]
[Site "Napoli ITA"]
[Date "2011.11.03"]
[Round "6"]
[White "Cosenza, Gianni"]
[Black "Sciaudone, Francesco"]
[Result "1-0"]
[WhiteElo "1952"]
[BlackElo "1825"]
[PlyCount "79"]
[EventDate "2011.09.22"]

1. e4 e5 2. Nf3 Nc6 3. Bb5 d6 4. O-O Bd7 5. Re1 Nf6 6. c3 Be7 7. h3 O-O 8. d4
Re8 9. d5 Na5 10. Bf1 b6 11. b4 Nb7 12. Ba6 Rb8 13. Qd3 c6 14. c4 c5 15. a3 h6
16. Nc3 Nh7 17. Rb1 Bg5 18. Nxg5 Nxg5 19. Qg3 f5 20. exf5 Bxf5 21. Rb2 Nf7 22.
Rbe2 Qe7 23. f4 Kh8 24. fxe5 Nxe5 25. Bf4 Qf6 26. Bxe5 Rxe5 27. Rxe5 dxe5 28.
Qxe5 Qf8 29. Rf1 Nd6 30. Ne4 Re8 31. Qxd6 Qf7 32. Ng3 g6 33. Nxf5 gxf5 34. Qf4
Re2 35. Qxh6+ Kg8 36. Qg5+ Kh8 37. Rf4 Re1+ 38. Kf2 Re4 39. Rxf5 Qh7 40. Rf3
1-0

[Event "I Trofeo Giorgio Porreca"]
[Site "Napoli ITA"]
[Date "2011.11.03"]
[Round "6"]
[White "Caporali, Dante"]
[Black "Borrelli, Salvatore"]
[Result "0-1"]
[WhiteElo "1577"]
[BlackElo "1961"]
[PlyCount "62"]
[EventDate "2011.09.22"]

1. d4 d5 2. c4 c6 3. Nf3 Nf6 4. Nc3 e6 5. Bg5 h6 6. Bh4 dxc4 7. e4 g5 8. Bg3 b5
9. a4 Bb4 10. axb5 cxb5 11. Bxb8 Rxb8 12. Qc2 a6 13. Be2 Bb7 14. e5 Nd5 15. O-O
g4 16. Nd2 Nf4 17. Bxg4 Bxg2 18. Rfe1 h5 19. Re3 hxg4 20. Rg3 Qh4 21. Rxg2 Nxg2
22. Nf1 Nf4 23. Ne4 Qh3 24. Nf6+ Ke7 25. Qe4 Qf3 26. Qxf3 gxf3 27. Ng3 Ne2+ 28.
Kf1 Nxg3+ 29. fxg3 Rxh2 30. Rxa6 Rd8 31. Ra7+ Kf8 0-1